000 00621nam a2200241Ia 4500
003 OSt
005 20221007071220.0
006 a|||||r|||| 00| 0
007 ta
008 221006b |||||||| |||| 00| 0 eng d
020 _a9781910390047
024 _a44,479
037 _cTextual
040 _aFLL
_cFLL
_beng
041 _2eng
_aeng
082 _aY:5:2, Q6
100 _aSHARMA Suresh
245 0 _aDemographic challenges in India
260 _aLondon
_bAthena academic Ltd.
_c2016
300 _axiv,282p.
_ccm.
942 _hY:5:2, Q6
_cTEXL
_2CC
999 _c1142789
_d1142789